LEADER 01272nam a2200289 4500 001 000000351455 003 CaOOAMICUS 005 20220902142937.0 008 220902s2018 it a 000 u ita r 020 $a978-88-06-23596-3 040 $aSeMil$bita 100 1 $aRüpke, Jörg,$d<1962- >.$0(OLS)http://semarc/name/79485 240 10$aPantheon.$0(OLS)http://semarc/title/18018 245 10$aPantheon :$buna nuova storia della religione romana /$cJo?rg Ru?pke. 264 1$aTorino :$bEinaudi,$c2018. 300 $aXVI, 492 p. :$bill. ;$c23 cm 490 1 $aLa biblioteca ;$v37 500 $aTraduzione di Roberto Alciati e Maria Dell'Isola 650 4$aReligione romana.$0(OLS)http://semarc/subject/15038 650 4$aReligione - Paesi mediterranei - Antichità.$0(OLS)http://semarc/subject/52794 830 3$aLa biblioteca ;$v37.$0(OLS)http://semarc/title/9837 850 $aSeMil 852 $aSeMil$W1$xVenegono$y1$m2R III 472$j234382$B242650$CSeMilBibl$Z2$F242650 $81 996 $6020$a978-88-06-23596-3$9(OLS)http://semarc/number/296610 996 $6245$aPantheon :$buna nuova storia della religione romana$9(OLS)http://semarc/title/441238 996 $6264$aTorino :$bEinaudi$9(OLS)http://semarc/publisher/29884 LEADER 01239nam a2200265 i 4500 001 000000241369 003 CaOOAMICUS 005 20201001122224.0 008 150429s2014 it u000 u mul u 013 $a220274 020 $a978-88-213-1161-1 040 $aSeMil$bita 245 13$aLa storiografia salesiana :$btra studi e documentazione nella stagione postconciliare /$ca cura di Grazia Loparco e Stanislaw Zimniak. 260 $aRoma :$bLAS,$c2014. 300 $a773 p. :$bill. ;$c24 cm. 650 4$aSalesiani - Storiografia.$0(OLS)http://semarc/subject/42345 700 1 $aZimniak, Stanislaw .$0(OLS)http://semarc/name/38190 700 1 $aLoparco, Grazia <1960- >.$0(OLS)http://semarc/name/44837 830 0$aStudi / Associazione cultori storia salesiana ;$v7.$0(OLS)http://semarc/title/431258 850 $aSeMil 852 $aSeMil$W1$xVenegono$y1$m3G IV 357$j191715$B191715$CSeMilBibl$Z2$F203093 $81 996 $6020$a978-88-213-1161-1$9(OLS)http://semarc/number/248047 996 $6245$aLa storiografia salesiana :$btra studi e documentazione nella stagione postconciliare$9(OLS)http://semarc/title/343073 996 $6260$aRoma :$bLAS$9(OLS)http://semarc/publisher/29900